1927 1722 1267 1456 1452 1964 1898 1860 1819 1938 1507 1929 1942 1400 1821 1127 1221 1915 1227 1759 1100 1653 1232 1065 1470 1437 1481 1685 1888 1936 1610 1455 1912 1319 1742 1819 1800 1841 1983 1083 1909 1430 1887 1812 1200 1482 1809 1642 1307 1860 1037 1891 1148 1871 1636 1585 1475 1934 1129 1134 1492 1140 1553 1021 1742 1909 1558 1618 1530 1838 1442 1711 1437 1277 1390 1897 1027 1183 1818 1440 1084 1339 1148 1350 1445 1846 1610 1804 1202 1613 1492 1475 1546 1099 1862 1924 1890 1590 1219 BCNSPRNW ULIB Ver.6.0+V

เปลี่ยนเป็นภาษาไทย

Change to English
 แสดงรายละเอียดบรรณานุกรม
  กลับหน้าหลัก

Brief Record : Get Marc (ISO 2709) : E-mail record : QR code < ปิดหน้าต่าง
LEADER : 00000nam 2200000uu 4500
001    13399120551
003     ULIB
008    120927s2547||||th 000 0 tha d
020    ^a9744653825
050 04 ^aLB1060^bพ551ก 2547
100 0  ^aอนุวัฒน์ ศุภชุติกุล
245 00 ^aการจัดการความรู้เพื่อคุณภาพที่สมดุล =^bKnowledge management for balance of quality /^cบรรณาธิการ, อนุวัฒน์ ศุภชุติกุล
246    ^aKnowledge management for balance of quality
260    ^aนนทบุรี :^bสถาบันพัฒนาและรับรองคุณภาพโรงพยาบาล,^c2547
300    ^a132 หน้า ;^c26 ซม.
650  4 ^aการเรียนรู้
650  4 ^aการจัดการความรู้
700 0  ^aอนุวัฒน์ ศุภชุติกุล,^eบรรณาธิการ
710 2  ^aสถาบันพัฒนาและรับรองคุณภาพโรงพยาบาล
945    ^p110^l0^i13847
995    ^aวิภา
999 ^a ทศพร
รายการนี้ยังไม่มีแท็ก
คุณยังไม่ได้ล็อกอิน คุณสามารถมีกิจกรรมร่วมกับเว็บไซต์ได้ แต่ต้องล็อกอินก่อน ::
  ล็อกอิน

รายการสื่อสารสนเทศ

ลำดับที่ ประเภท เลขเรียก/บาร์โค้ด สถานที่ สถานะ
1. วิทยาศาสตร์การแพทย์ และสุขภาพ
วิทยาศาสตร์การแพทย์ และสุขภาพ
LB1060 พ551ก 2547  
  Barcode: 13847
ห้องสมุดวิทยาเขตสวรรค์ประชารักษ์
►หนังสือทั่วไป
บนชั้น

รายการใกล้เคียง
    ผู้แต่ง [อนุวัฒน์ ศุภชุติกุล]

    หัวเรื่อง [การเรียนรู้]
    หัวเรื่อง [การจัดการความรู้]

BibComment


ยังไม่เคยถูกคอมเมนท์

คอมเมนท์ทรัพยากรรายการนี้
  คอมเมนท์: การจัดการความรู้..


 Copyright 2026. Bcnsprnw @Library